AP2017 : 12th International Conference of Archaeological Prospection, 12th-16th september 2017, University of Bradford /

This volume is a product of the International Conference of Archaeological Prospection 2017 which was hosted by the School of Archaeological and Forensic Sciences at the University of Bradford. This event marked a return to the location of the inaugural conference of archaeological prospection which...

وصف كامل

محفوظ في:

مؤلف مشترك: International Conference of Archaeological Prospection University of Bradford)

مؤلفون آخرون: Jennings, Benjamin (المحرر), Gaffney, Christopher (المحرر), Sparrow, Thomas (المحرر), Gaffney, Sue (المحرر)

التنسيق: وقائع المؤتمر كتاب الكتروني

اللغة: English

منشور في: Summertown, Oxford : Archaeopress Publishing Ltd, 2017.

الموضوعات:

الوصول للمادة أونلاين: Login to view Source

الوسوم: إضافة وسم

لا توجد وسوم, كن أول من يضع وسما على هذه التسجيلة!

رقم الطلب: CC79.G46

LEADER 02543nam a2200433 i 4500
001 EDZ0001947033
003 StDuBDS
005 20230412182037.0
006 m|||||o||d||||||||
007 cr |||||||||||
008 170922s2017 enka fo 100|0|eng|d
020 |a 9781784916787 (ebook) :  |c No price 
040 |a StDuBDS  |b eng  |c StDuBDS  |e rda  |e pn 
050 4 |a CC79.G46 
082 0 4 |a 930.1028  |2 23 
111 2 |a International Conference of Archaeological Prospection  |n (12th :  |d 2017 :  |c University of Bradford),  |j creator. 
245 1 0 |a AP2017 :  |b 12th International Conference of Archaeological Prospection, 12th-16th september 2017, University of Bradford /  |c edited by Benjamin Jennings, Christopher Gaffney, Thomas Sparrow and Sue Gaffney. 
264 1 |a Summertown, Oxford :  |b Archaeopress Publishing Ltd,  |c 2017. 
300 |a 1 online resource (vi, 280 pages) :  |b illustrations (black and white, and colour) 
336 |a text  |2 rdacontent 
336 |a still image  |2 rdacontent 
337 |a computer  |2 rdamedia 
338 |a online resource  |2 rdacarrier 
500 |a Previously issued in print: 2017. 
500 |a Conference proceedings. 
520 8 |a This volume is a product of the International Conference of Archaeological Prospection 2017 which was hosted by the School of Archaeological and Forensic Sciences at the University of Bradford. This event marked a return to the location of the inaugural conference of archaeological prospection which was held in Bradford in 1995. The conference is held every two years under the banner of the International Society for Archaeological Prospection. The Proceedings of 12th International Conference of Archaeological Prospection draws together over 100 papers addressing archaeological prospection techniques, methodologies and case studies from around the world. 
521 |a Specialized. 
588 |a Description based on online resource; title from home page (viewed on October 2, 2018). 
650 0 |a Geophysics in archaeology  |v Congresses. 
650 0 |a Prospecting  |x Geophysical methods  |v Congresses. 
700 1 |a Jennings, Benjamin,  |e editor. 
700 1 |a Gaffney, Christopher,  |e editor. 
700 1 |a Sparrow, Thomas,  |e editor. 
700 1 |a Gaffney, Sue,  |e editor. 
776 0 8 |i Print version :  |z 9781784916770 
856 4 0 |3 Archaeopress  |u http://library.arce.org:8087/Archaeopress/Products/9781784916770 
942 |2 lcc  |c EBOOK 
952 |0 0  |1 0  |4 0  |6 CC0079 G46  |7 1  |9 46310  |a ARCH  |b ARCH  |d 2023-04-12  |l 0  |o CC79.G46  |r 2023-04-12 00:00:00  |w 2023-04-12  |y EBOOK 
999 |c 51968  |d 51968